[Event "Olympiad-28"]
[Site "Thessaloniki"]
[Date "1988.11.27"]
[Round "13"]
[White "Dedes, Nikolaos"]
[Black "Espinosa Flores, Rafael Emilio"]
[Result "0-1"]
[WhiteElo "2305"]
[BlackElo "2295"]
[PlyCount "70"]
[EventDate "1988.11.13"]
[EventType "team-swiss"]
[EventRounds "14"]
[EventCountry "GRE"]
[SourceTitle "TD"]
[Source "ChessBase"]
[SourceDate "1994.03.01"]
[SourceVersion "1"]
[SourceVersionDate "1994.03.01"]
[SourceQuality "1"]
[WhiteTeam "Greece II"]
[BlackTeam "Mexico"]
[WhiteTeamCountry "GRE"]
[BlackTeamCountry "MEX"]

1. e4 c5 2. Nf3 Nc6 3. Bb5 g6 4. 0-0 Bg7 5. Re1 e5 6. b4 cxb4 7. a3 Nge7 8. axb4 0-0 9. Nc3 d6 10. Ba3 Bg4 11. h3 Bxf3 12. Qxf3 Nd4 13. Qd3 Rc8 14. Ba4 f5 15. f3 Bh6 16. b5 fxe4 17. Nxe4 Qb6 18. Kh1 Rcd8 19. c4 Qc7 20. c5 d5 21. Nd6 Bf4 22. b6 Qb8 23. Qxd4 exd4 24. Rxe7 axb6 25. Rxb7 Qa8 26. Bc6 bxc5 27. Bxd5+ Kh8 28. Nf7+ Rxf7 29. Rxf7 Qxd5 30. Rxf4 Ra8 31. Kh2 Qe5 32. g3 Qe2+ 33. Kg1 Rxa3 34. Rxa3 Qe1+ 35. Kg2 Qxd2+ 0-1

[Event "Olympiad-28"]
[Site "Thessaloniki"]
[Date "1988.11.21"]
[Round "8"]
[White "Dedes, Nikolaos"]
[Black "Franco Ocampos, Zenon"]
[Result "1/2-1/2"]
[WhiteElo "2305"]
[BlackElo "2265"]
[PlyCount "84"]
[EventDate "1988.11.13"]
[EventType "team-swiss"]
[EventRounds "14"]
[EventCountry "GRE"]
[SourceTitle "TD"]
[Source "ChessBase"]
[SourceDate "1994.03.01"]
[SourceVersion "1"]
[SourceVersionDate "1994.03.01"]
[SourceQuality "1"]
[WhiteTeam "Greece II"]
[BlackTeam "Paraguay"]
[WhiteTeamCountry "GRE"]
[BlackTeamCountry "PAR"]

1. Nf3 c5 2. g3 Nc6 3. Bg2 e5 4. d3 d5 5. 0-0 Be7 6. c4 Nf6 7. cxd5 Nxd5 8. Nc3 Nc7 9. Be3 0-0 10. Rc1 Ne6 11. Ne4 Qa5 12. a3 Ned4 13. Nxc5 Bxc5 14. b4 Nxb4 15. axb4 Nxf3+ 16. Bxf3 Bxb4 17. Ra1 Qb5 18. Qb1 a5 19. Rc1 Bd7 20. Bc5 Rfc8 21. Bxb4 axb4 22. Rxa8 Rxa8 23. Rc7 Bc6 24. Bxc6 bxc6 25. Qa2 Rf8 26. Qc2 b3 27. Qxc6 Qb8 28. Rb7 b2 29. Qb6 Qe8 30. Qxb2 e4 31. d4 e3 32. f3 h5 33. Kg2 h4 34. d5 Qd8 35. Qb3 hxg3 36. hxg3 Qd6 37. Qxe3 Qxd5 38. Qe7 Rd8 39. g4 g6 40. g5 Rf8 41. Rd7 Qb5 42. Rc7 Qe8 1/2-1/2

[Event "Olympiad-28"]
[Site "Thessaloniki"]
[Date "1988.11.15"]
[Round "3"]
[White "Rimawi, BT."]
[Black "Dedes, Nikolaos"]
[Result "1/2-1/2"]
[WhiteElo "2225"]
[BlackElo "2305"]
[PlyCount "81"]
[EventDate "1988.11.13"]
[EventType "team-swiss"]
[EventRounds "14"]
[EventCountry "GRE"]
[SourceTitle "TD"]
[Source "ChessBase"]
[SourceDate "1994.03.01"]
[SourceVersion "1"]
[SourceVersionDate "1994.03.01"]
[SourceQuality "1"]
[WhiteTeam "Jordan"]
[BlackTeam "Greece II"]
[WhiteTeamCountry "JOR"]
[BlackTeamCountry "GRE"]

1. e4 g6 2. d4 Bg7 3. Nc3 d6 4. f4 Nc6 5. Be3 Nf6 6. Be2 0-0 7. e5 Nd7 8. Nf3 Nb6 9. h3 Nb4 10. a3 N4d5 11. Nxd5 Nxd5 12. Bd2 c5 13. dxc5 dxc5 14. Bc4 b5 15. Bxb5 Qb6 16. Bc4 Rd8 17. Qc1 Be6 18. Bxd5 Bxd5 19. 0-0 a5 20. Bc3 Be4 21. Rf2 c4 22. Kf1 Bh6 23. Ng5 Bd5 24. Qe1 f6 25. exf6 exf6 26. Ne4 Bg7 27. Rd2 Qc6 28. Rad1 Rd7 29. Qf2 Rad8 30. Ng3 Bf8 31. Kg1 Bc5 32. Bd4 c3 33. bxc3 Bxa3 34. Nf1 a4 35. Ne3 Be4 36. Ng4 Rxd4 37. cxd4 h5 38. Ne3 Qc3 39. Qe2 Bb4 40. Nf1 Bf5 41. Ne3 1/2-1/2